000 00706nam a22002297a 4500
001 46096
003 BD-RjUL
005 20211209054116.0
008 160730s1952 xxu||||| |||| 00| 0 eng d
035 _a(BD-RjUL) 46214
040 _aBD-RjUL
_beng
_cBD-RjUL
_dBD-RjUL
041 _aeng
082 _223
_a330.946
_b PES 1952
100 _aPelham, G. Clinton
_9140931
245 _aSpain :
_beconomic and commercial conditions in Spain /
_cPelham, G. Clinton
260 _aLondon :
_bHer Majestry's Stationary office,
_c1952
300 _a245p. :
_bill. ;
_c21cm.
490 _aOverseas Economic Surveys
650 _xEconomic history.
_9140932
856 _3Overseas Economic Surveys
942 _2ddc
_cBK
999 _c46096
_d46096